| 000 | 00428nam a22001577a 4500 | ||
|---|---|---|---|
| 003 | OSt | ||
| 008 | 250227b |||||||| |||| 00| 0 eng d | ||
| 020 | _a9788197978586 | ||
| 100 | _aAjay | ||
| 245 | _aExplorations in Computer Science: Diverse Perspective and Emerging Technology | ||
| 260 |
_aNew Delhi _bNaples Indian _c2024. |
||
| 300 | _a351p. | ||
| 650 | _aFaculty Publication | ||
| 700 | _aRohit | ||
| 942 |
_2ddc _cBK |
||
| 999 |
_c13162 _d13162 |
||